00409nam a2200157Ia 4500003000500000005001700005008004100022020001800063040000900081082001700090245005200107260003600159300001900195521002300214546001400237322820220517120406.0210817s9999 xx 000 0 und d a9780981425368 c3228 aJ 595.7 MYEE 0aMy eerste boek oor goggas en ander grilgoeters  aGermistonbTicktock mediac2008 a96 pagesc28cm aJunior non-fiction aAfrikaans